Emprededor: crear su propia empresa (Registro nro. 4423)

Detalles MARC
000 -Cabecera
Campo de control de longitud fija 01124aam a2200409 4500
005 - Fecha y hora de la última transacción
Campo de control 20250820153826.0
008 - Elementos de longitud fija--Información general
Campo de control de longitud fija 150409b xxu||||| |||| 00| 0 spa d
020 ## - International Standard Book Number
Número Internacional Estándar del Libro (ISBN) 9789701513996
041 ## - Idioma
Código de idioma Español
082 ## - Clasificación Decimal Dewey
Número de clasificación 658.409.2 SI586e
100 ## - Entrada principal--Autor personal
Nombre personal Silva, Jorge Enrique
9 (RLIN) 32494
245 ## - Título propiamente dicho
Título Emprededor: crear su propia empresa
260 ## - Pie de imprenta
Lugar de publicación, distribución, etc. México
260 ## - Pie de imprenta
Nombre del editor, distribuidor, etc. Alfaomega
260 ## - Pie de imprenta
Fecha de publicación, distribución, etc. 2008
300 ## - Descripción física
Extensión 206 páginas
490 ## - Serie
Título de la Serie Dirección y Administración de empresas
650 ## - Materia general
Temática (materia general) LIDERAZGO EJECUTIVO
650 ## - Materia general
Temática (materia general) PERFIL EMPRENDEDOR
650 ## - Materia general
Temática (materia general) FORJADORES DE EMPRESA
650 ## - Materia general
Temática (materia general) EMPRENDEDORES
650 ## - Materia general
Temática (materia general) EMPRESARIOS
650 ## - Materia general
Temática (materia general) LIDERAZGO
650 ## - Materia general
Temática (materia general) PERSONALIDAD EMPRENDEDORA
650 ## - Materia general
Temática (materia general) CREACIÓN DE EMPRESAS
650 ## - Materia general
Temática (materia general) INNOVACIÓN
650 ## - Materia general
Temática (materia general) ROLES DEL EMPRESARIO
650 ## - Materia general
Temática (materia general) ESPIRITU EMPRENDEDOR
650 ## - Materia general
Temática (materia general) COMPETITIVIDAD
650 ## - Materia general
Temática (materia general) EXPLORACION
650 ## - Materia general
Temática (materia general) NOCIONES FINANCIERAS
650 ## - Materia general
Temática (materia general) OBLIGACIONES DEL EMPRESARIO
650 ## - Materia general
Temática (materia general) ADMINISTRACION EMPRESARIAL
650 ## - Materia general
Temática (materia general) NOCIONES FINANCIERAS
650 ## - Materia general
Temática (materia general) PLAN DE NEGOCIOS
942 ## - Punto de acceso adicional KOHA
Tipo de ítem KOHA Libro
Fuente del sistema de clasificación o colocación Dewey Decimal Classification
Existencias
Signatura completa Código de barras Programa Académico Tipo de ítem
658.409.2 SI586e 13361 Dirección y Administración de Empresas Libro
658.409.2 SI586e 13362 Dirección y Administración de Empresas Libro